000 00263nam a2200097Ia 4500
001 1075366
005 20250827002237.0
008 250824s9999 xx 000 0 und d
245 0 _aDOĞU BATI ARASINDA İSLAM
_cALİYA İZZET BEGOVİÇ
260 _bKETEBE YAYINLARI
999 _c1075366
_d1075366